LEADER 02567nam 2200565Ia 450 001 9910461862403321 005 20200520144314.0 010 $a0-7914-8752-0 035 $a(CKB)2670000000241303 035 $a(EBL)3408417 035 $a(SSID)ssj0000736311 035 $a(PQKBManifestationID)11418329 035 $a(PQKBTitleCode)TC0000736311 035 $a(PQKBWorkID)10767644 035 $a(PQKB)10375476 035 $a(MiAaPQ)EBC3408417 035 $a(Au-PeEL)EBL3408417 035 $a(CaPaEBR)ebr10594744 035 $a(OCoLC)811410504 035 $a(EXLCZ)992670000000241303 100 $a20020614d2002 ub 0 101 0 $aeng 135 $aur|n|---||||| 181 $ctxt 182 $cc 183 $acr 200 10$aAmerica goes to college$b[electronic resource] $epolitical theory for the liberal arts /$fJohn E. Seery 210 $aAlbany $cState University of New York Press$dC2002 215 $a1 online resource (258 p.) 300 $aDescription based upon print version of record. 311 $a0-7914-5591-2 320 $aIncludes bibliographical references and index. 327 $a""America Goes to College""; ""Contents""; ""Acknowledgments""; ""Introduction""; ""1. My Turn: A Great Bookish Tell-all""; ""2. The Columbus Controversy as Confession""; ""3. George Kateb's Main Thing""; ""4. What Teaching at Pomona College Means to Me""; ""5. Moral Perfectionism and Abortion Politics""; ""6. Political Philosophy in the Twilight of an Idol""; ""7. Grant Wood's Political Gothic""; ""8. Do Media Studies Belong in a Liberal Arts Curriculum?""; ""9. Unremembered Acts Remembered""; ""10. Castles in the Air""; ""11. Political Theory in the Twentieth Century"" 327 $a""12. America Goes to College""""Notes""; ""Index""; ""A""; ""B""; ""C""; ""D""; ""E""; ""F""; ""G""; ""H""; ""I""; ""J""; ""K""; ""L""; ""M""; ""N""; ""O""; ""P""; ""Q""; ""R""; ""S""; ""T""; ""U""; ""V""; ""W""; ""Y"" 606 $aEducation, Humanistic$zUnited States 606 $aEducation, Higher$xPolitical aspects$zUnited States 606 $aEducation, Higher$xAims and objectives$zUnited States 608 $aElectronic books. 615 0$aEducation, Humanistic 615 0$aEducation, Higher$xPolitical aspects 615 0$aEducation, Higher$xAims and objectives 676 $a370.11/2 700 $aSeery$b John Evan$0908653 801 0$bMiAaPQ 801 1$bMiAaPQ 801 2$bMiAaPQ 906 $aBOOK 912 $a9910461862403321 996 $aAmerica goes to college$92032188 997 $aUNINA LEADER 00942nam0-22002891i-450 001 990004944110403321 005 20241031124457.0 035 $a000494411 035 $aFED01000494411 035 $a(Aleph)000494411FED01 100 $a19990530g19689999km-y0itay50------ba 101 0 $aeng 102 $aGB 105 $af-------001yy 200 1 $aBeowulf and its analogues$ftranslated by G.N. Garmonsway and Jacqueline Simpson$gincluding "Archaelogy and Beowulf" by Hilda Ellis Davidson 210 $aLondon , New York$cJ.M. Dent e Sons , E.P. Dutton e Co.$d1968. 215 $aXIII, 367 p., 12 c. di tav.$d22 cm 702 1$aDavidson,$bHilda Roderick Ellis 702 1$aGarmonsway,$bG.N. 702 1$aSimpson,$bJacqueline 801 0$aIT$bUNINA$gRICA$2UNIMARC 901 $aBK 912 $a990004944110403321 952 $aD 25$bFil. Mod. 22640$fFLFBC 959 $aFLFBC 996 $aBEOWULF and its analogues$9527419 997 $aUNINA